MARC

Tag First Indicator Second Indicator Subfields
LEADER 00000cam a2200000 a 4500
001 in00005746021
005 20260326183819.6
006 m o d
007 cr bn||||||ada
008 101106m19779999nyua ob 001 0 eng d
040 |a OCLCE  |b eng  |e pn  |c OCLCE  |d OCLCQ  |d OPELS  |d OCLCQ  |d OCLCF  |d OCLCQ  |d IDEBK  |d UIU  |d DEBSZ  |d YDXCP  |d OCLCQ  |d LEAUB  |d LUN  |d OCLCQ  |d OCLCO  |d OCLCQ  |d OCLCO  |d OCLCL 
019 |a 625153896  |a 654605723  |a 755254584  |a 760327916  |a 760331389  |a 777386510  |a 842889322  |a 974618520  |a 1409089028 
020 |a 1299472729  |q (ebk) 
020 |a 9781299472723  |q (ebk) 
020 |z 0127104011  |q (v. 1 ;  |q alk. paper) 
020 |z 9780127104010  |q (v. 1 ;  |q alk. paper) 
020 |z 9780127104027  |q (v. 2) 
020 |z 012710402X  |q (v. 2) 
020 |z 0127104038  |q (v. 3 ;  |q alk. paper) 
020 |z 9780127104034  |q (v. 3 ;  |q alk. paper) 
020 |z 9780127104041  |q (v. 4) 
020 |z 0127104046  |q (v. 4) 
020 |z 012710450X 
020 |z 9780127104508 
035 |a (OCoLC)679034540  |z (OCoLC)625153896  |z (OCoLC)654605723  |z (OCoLC)755254584  |z (OCoLC)760327916  |z (OCoLC)760331389  |z (OCoLC)777386510  |z (OCoLC)842889322  |z (OCoLC)974618520  |z (OCoLC)1409089028 
037 |a 478522  |b MIL 
042 |a dlr 
050 4 |a QC451  |b .S619 
055 3 |a QC451  |b S64 
082 0 4 |a 535.8/4  |2 19 
084 |a 33.18  |2 bcl 
049 |a TXAM 
245 0 0 |a Spectrometric techniques /  |c edited by George A. Vanasse ; contributors, Doran Baker [and others]. 
260 |a New York :  |b Academic Press,  |c 1977-<1985> 
300 |a 1 online resource (volumes <1-4>) :  |b illustrations 
336 |a text  |b txt  |2 rdacontent 
337 |a computer  |b c  |2 rdamedia 
338 |a online resource  |b cr  |2 rdacarrier 
504 |a Includes bibliographical references and indexes. 
538 |a Master and use copy. Digital master created according to Benchmark for Faithful Digital Reproductions of Monographs and Serials, Version 1. Digital Library Federation, December 2002.  |u http://purl.oclc.org/DLF/benchrepro0212  |5 MiAaHDL 
583 1 |a digitized  |c 2010  |h HathiTrust Digital Library  |l committed to preserve  |2 pda  |5 MiAaHDL 
588 0 |a Print version record. 
650 0 |a Spectrum analysis. 
650 0 |a Spectrum analysis  |x Instruments. 
650 2 |a Spectrum Analysis 
650 6 |a Analyse spectrale. 
650 6 |a Analyse spectrale  |x Instruments. 
650 7 |a 33.18 classical optics.  |0 (NL-LeOCL)077595610  |2 bcl 
650 7 |a Spectrum analysis  |2 fast 
650 7 |a Spectrum analysis  |x Instruments  |2 fast 
650 1 7 |a Spectrometrie.  |2 gtt 
650 1 7 |a Spectrumanalyse.  |2 gtt 
650 7 |a Spectrum analysis.  |2 nasat 
650 7 |a Spectrum analysis  |x Instruments.  |2 nli 
653 |a Analyse  |a Appareil  |a Instrument  |a Lumiere  |a Methode  |a Optique  |a Physique  |a Spectral  |a Spectre  |a Spectrometre 
653 |a Spectrometrie  |a Spectroscopie  |a Spectrum  |a Technique 
655 7 |a Electronic books.  |2 local 
700 1 |a Vanasse, George A. 
700 1 |a Baker, Doran J. 
710 2 |a ScienceDirect (Online service) 
776 0 8 |i Print version:  |t Spectrometric techniques.  |d New York : Academic Press, 1977-<1985>  |w (DLC) 76013949  |w (OCoLC)3017703 
856 4 0 |u http://proxy.library.tamu.edu/login?url=https://www.sciencedirect.com/science/book/9780127104010  |z Connect to the full text of this electronic book  |t 0 
955 |a Elsevier ScienceDirect 2026-2027 
994 |a 92  |b TXA 
999 f f |i a203e7a7-91a3-4b0f-8995-21af4164e0a0  |s 46b5dcaa-e9ee-40da-bfd6-974d68a8de58  |t 0 
952 f f |a Texas A&M University  |b College Station  |c Electronic Resources  |s www_evans  |d Available Online  |t 0  |e QC451 .S619  |h Library of Congress classification 
998 f f |a QC451 .S619  |t 0  |l Available Online